| 000 | 00475nam a2200181Ia 4500 | ||
|---|---|---|---|
| 003 | GCL | ||
| 008 | 140319s9999 xx 000 0 ara d | ||
| 040 |
_aGCL / _cGCL |
||
| 082 | 0 | 4 |
_a818.03 _bم م |
| 100 | 1 | _aمحمد الجوادى | |
| 245 | 1 | 0 |
_aمذكرات المرأة المصرية / _cمحمد الجوادى |
| 300 | _a149 ص | ||
| 490 | _a | ||
| 650 | 0 | 4 | _aالادب |
| 650 | 0 | 4 | _aالمرأة |
| 650 | 0 | 4 | _aالمذكرات الادبية |
| 942 |
_2ddc _cBK |
||
| 999 |
_c45069 _d45069 |
||